[Event "7th Univ Cent Open 2013"]
[Site "Bogota COL"]
[Date "2013.10.12"]
[Round "5.54"]
[White "Molina,Ra"]
[Black "Cespedes Galindo,Estefania"]
[Result "1/2-1/2"]
[WhiteElo "1990"]
[BlackElo "1743"]

1.e4 c5 2.Nf3 e6 3.d4 cxd4 4.Nxd4 a6 5.Nc3 Qc7 6.Be2 Bb4 7.Bd2 Nf6 8.Bf3 Nc6
9.Nxc6 dxc6 10.O-O O-O 11.Qe2 e5 12.Nd5 Nxd5 13.exd5 Bxd2 14.Qxd2 Rd8 15.c4 cxd5
16.cxd5 Be6 17.Rfd1 Qd6 18.Rac1 Rac8 19.Qa5 Bf5 20.h4 Rxc1 21.Rxc1 Rc8 22.Rc3 h6
23.Rxc8+ Bxc8 24.Qc3 Bf5 25.b4 e4 26.Be2 Qxd5 27.Qc7 b5 28.a3 Qa2 29.Qe5 Qxe2
30.Qxf5 Qd1+ 31.Kh2 Qd6+ 32.Kh3 Qd3+ 33.g3 Qxa3 34.Qxe4 Qa2 35.Kg2 Qc4 36.Qxc4 bxc4
37.Kf3 Kf8 38.Ke4 Ke7 39.Kd4 Kd6 40.Kxc4 Kc6 41.g4 g5 42.h5 f6 43.f3 Kd6
44.Kd4 Kc6 45.Kc4 Kb6 46.Kc3 Kb5 47.Kb3 Kc6 48.Kc4 Kb6 49.Kc3 Kb5 50.Kb3 Kc6
51.Kc4 Kb6 52.Kc3 Kb5 53.Kb3 Kc6 54.Kc4 Kb6 55.Kc3 Kb5 56.Kb3 Kc6 57.Kc4 Kb6
58.Kb3  1/2-1/2

[Event "7th Univ Cent Open 2013"]
[Site "Bogota COL"]
[Date "2013.10.12"]
[Round "5.5"]
[White "Sanchez L,S"]
[Black "Otero Acosta,D"]
[Result "1/2-1/2"]
[WhiteElo "2340"]
[BlackElo "2519"]

1.e4 c5 2.Nf3 e6 3.d4 cxd4 4.Nxd4 a6 5.Nc3 b5 6.Bd3 Qb6 7.Be3 Bc5 8.Qg4 Bxd4
9.e5 Nc6 10.Qxg7 Bxe5 11.Qxe5 Nxe5 12.Bxb6 Ne7 13.Ne4 Nf5 14.Nf6+ Ke7 15.Nd5+ Kd6
16.Bxf5 Kxd5 17.O-O-O+ Kc6 18.Bd4 f6 19.f4 exf5 20.fxe5 fxe5 21.Bxe5 Re8
22.Rd6+ Kc5 23.Bg3 Re6 24.Rd3 b4 25.Rhd1 Bb7 26.Bd6+ Kb5 27.Bxb4 Bxg2 28.Rb3 d5
29.a4+ Kc6 30.Rc3+ Kd7 31.Rg3 Rg6 32.Rxg6 hxg6 33.Rg1 Be4 34.Rxg6 Rh8 35.Rd6+ Kc8
36.Rxa6 Rxh2 37.Bc3 f4 38.Rf6 f3 39.Be5 Re2 40.Bc3 Rg2 41.Kd1 Bxc2+ 42.Ke1 Bxa4  1/2-1/2

[Event "7th Univ Cent Open 2013"]
[Site "Bogota COL"]
[Date "2013.10.12"]
[Round "5.14"]
[White "Fleites Marti,Y"]
[Black "Torres,Ju2"]
[Result "1-0"]
[WhiteElo "2181"]
[BlackElo "2343"]

1.e4 c5 2.Nf3 e6 3.Nc3 a6 4.d4 cxd4 5.Nxd4 Qc7 6.Bd3 Nf6 7.O-O d6 8.Qe2 Be7
9.Bd2 Nbd7 10.Kh1 Nc5 11.Rae1 b5 12.f4 Bb7 13.e5 Nfd7 14.f5 Nxe5 15.fxe6 Nxe6
16.Nxe6 fxe6 17.Qh5+ Kd7 18.Bf4 Nxd3 19.cxd3 Qc5 20.Qe2 Bd5 21.Be3 Qc6 22.Nxd5 Qxd5
23.Rf7 g5 24.Bxg5 Rae8 25.Qe3 Kc6 26.Rc1+ Kb7 27.Bxe7 e5 28.Qe4  1-0

[Event "7th Univ Cent Open 2013"]
[Site "Bogota COL"]
[Date "2013.10.13"]
[Round "7.7"]
[White "Arenas,D"]
[Black "Ruiz Aguilar,P"]
[Result "1-0"]
[WhiteElo "2455"]
[BlackElo "2239"]

1.e4 c5 2.Nf3 e6 3.d4 cxd4 4.Nxd4 a6 5.Nc3 Qc7 6.Be2 b5 7.O-O Bb7 8.Bf3 Nc6
9.Nxc6 dxc6 10.a4 b4 11.Nb1 Bd6 12.g3 Nf6 13.Nd2 O-O 14.Nc4 Be5 15.c3 bxc3
16.bxc3 a5 17.Nxe5 Qxe5 18.Bf4 Qxc3 19.Rc1 Qa3 20.Bd6 Qa2 21.Bxf8 Rxf8 22.Qd4 Qa3
23.Kg2 c5 24.Rxc5 Nxe4 25.Rb5 Nd2 26.Bxb7 Nxf1 27.Kxf1  1-0

[Event "7th Univ Cent Open 2013"]
[Site "Bogota COL"]
[Date "2013.10.13"]
[Round "8.4"]
[White "Ruiz Sanchez,O"]
[Black "Barrientos,S"]
[Result "0-1"]
[WhiteElo "2420"]
[BlackElo "2474"]

1.e4 c5 2.Nf3 e6 3.d4 cxd4 4.Nxd4 a6 5.Nc3 Qc7 6.Bd3 Nc6 7.Nxc6 Qxc6 8.O-O b5
9.Qe2 Nf6 10.Bg5 Be7 11.e5 Bb7 12.f3 Nd5 13.Bxe7 Nxc3 14.bxc3 Kxe7 15.c4 bxc4
16.Bxc4 Rhc8 17.Bd3 f5 18.Rab1 Qc5+ 19.Kh1 Bd5 20.c4 Bc6 21.Rb2 Rab8 22.Rfb1 Rxb2
23.Qxb2 g5 24.Bf1 h5 25.Qd2 Rg8 26.Re1 Rg6 27.Qe3 Qxe3 28.Rxe3 a5 29.c5 f4
30.Ra3 a4 31.Bd3 Rg8 32.Kg1 Rb8 33.Rc3 Rb2 34.Rc2 Rb1+ 35.Kf2 Ra1 36.Be4 Bd5
37.Bxd5 exd5 38.Ke2 Ke6 39.Kd3 Rd1+ 40.Ke2 Rg1 41.Kd3 g4 42.c6 dxc6 43.Rxc6+ Kxe5
44.Rh6 Rxg2 45.Rxh5+ Kd6 46.fxg4 Rxa2 47.Rf5 Rxh2 48.Rxf4 a3 49.Kd4 Kc6 50.Rf3 a2
51.Ra3 Rg2 52.Ra6+ Kb5 53.Ra8 Kb4 54.Kxd5 Kb3 55.Rb8+ Kc2 56.Ra8 Kb1 57.Rb8+ Rb2
58.Ra8 Rb4 59.g5 Rb5+ 60.Ke4 Rxg5 61.Rb8+ Kc2 62.Ra8 Kb3 63.Kd3 Rd5+ 64.Ke2 Rd4
65.Ke1  0-1

[Event "TCh-ISL Div1 2013-14"]
[Site "Reykjavik ISL"]
[Date "2013.10.13"]
[Round "5.5"]
[White "Thorsteinsson,B"]
[Black "Arnason,J"]
[Result "1/2-1/2"]
[WhiteElo "2203"]
[BlackElo "2502"]

1.e4 c5 2.Nf3 e6 3.d4 cxd4 4.Nxd4 a6 5.Nc3 Qc7 6.Be2 Nf6 7.O-O Be7 8.f4 d6
9.Bf3 O-O 10.Kh1 Rd8 11.Qe2 Bf8 12.Be3 Nc6 13.Qf2 Rb8 14.a4 Re8 15.Nde2 b6
16.g4 Nb4 17.g5 Nd7 18.Rac1 Bb7 19.Rg1 g6 20.Rg3 Bg7 21.Rh3 Ba8 22.Bg2 f5
23.gxf6 Nxf6 24.Qh4 Rf8 25.Nd4 Rbe8 26.f5 exf5 27.exf5 Bxg2+ 28.Kxg2 Qb7+
29.Kg1 Nbd5 30.Nxd5 Qxd5 31.Ne6 Qxf5 32.Nxg7 Kxg7 33.Bh6+ Kg8 34.Bxf8 Qc5+
35.Kf1 Qf5+ 36.Kg1 Qc5+ 37.Kf1 Qf5+ 38.Kg1  1/2-1/2

[Event "12th Istanbul Open A 2013"]
[Site "Istanbul TUR"]
[Date "2013.10.14"]
[Round "4.8"]
[White "Zengin,S"]
[Black "Onur,Cem"]
[Result "1-0"]
[WhiteElo "2020"]
[BlackElo "1511"]

1.e4 c5 2.Nf3 e6 3.d4 cxd4 4.Nxd4 a6 5.Nc3 Qc7 6.g3 Bb4 7.Ne2 Nf6 8.Bg2 Nc6
9.O-O O-O 10.Bf4 e5 11.Bg5 Ne7 12.a3 Bc5 13.Qd2 d6 14.Rad1 Rd8 15.Bxf6 gxf6
16.Qh6 f5 17.Qg5+ Kh8 18.Qf6+ Kg8 19.Bh3 fxe4 20.Bxc8 Raxc8 21.Nxe4 d5 22.Qg5+ Kh8
23.Nxc5 Qxc5 24.Qxe5+ Kg8 25.Qg5+ Ng6 26.Nd4 Qb6 27.h4 Kh8 28.h5 f6 29.Qh6 Ne7
30.Rfe1 Re8 31.Re6 Ng8 32.Qxh7+ Kxh7 33.Rxb6 Rc7 34.Kf1 Re5 35.g4 Kg7 36.Ne6+ Rxe6
37.Rxe6 Rxc2 38.Rb6 Rc7 39.Rxd5  1-0

[Event "Indonesia Open 2013"]
[Site "Jakarta INA"]
[Date "2013.10.14"]
[Round "7.12"]
[White "Nolte,R"]
[Black "Ghaem Maghami,E"]
[Result "0-1"]
[WhiteElo "2447"]
[BlackElo "2556"]

1.e4 c5 2.Nf3 e6 3.Nc3 a6 4.d4 cxd4 5.Nxd4 Qc7 6.Be2 b5 7.O-O Bb7 8.Re1 Nc6
9.Nxc6 dxc6 10.e5 Rd8 11.Bd3 c5 12.Bg5 Be7 13.Bxe7 Nxe7 14.Qh5 c4 15.Be4 b4
16.Nd1 Rd4 17.Bxb7 Qxb7 18.Ne3 O-O 19.c3 bxc3 20.bxc3 Rd3 21.Nxc4 Rxc3 22.Nd6 Qc6
23.Rad1 Ng6 24.Qg4 Rc5 25.Qd4 Rd5 26.Qe4 Rxd1 27.Rxd1 Qxe4 28.Nxe4 Nxe5 29.Nc5 a5
30.Nb7 h6 31.Nxa5 Ra8 32.Nb3 Rxa2 33.h3 g5 34.Nc5 Kg7 35.Ne4 Ra8 36.Kh2 Kg6
37.Rd2 Rc8 38.Re2 Nc6 39.Rc2 Ne7 40.Rxc8 Nxc8 41.g3 Kf5 42.Nc5 h5 43.Kg2 Nd6
44.Kf3 Kf6 45.Nd7+ Ke7 46.Ne5 f6 47.Nd3 Nf7 48.Kg2 e5 49.Nc5 Nd6 50.Nd3 Nc4
51.Nc5 Nd2 52.Nd3 e4 53.Nb4 Kd6 54.g4 h4 55.Nc2 Ke5 56.Ne3 Kd6 57.Nf5+ Ke6
58.Ne3 Ke5 59.Kh1 Nf3 60.Kg2 Nd4 61.Nc4+ Kd5 62.Ne3+ Kc5 63.Kh2 Ne6 64.Nf5 Nf4
65.Ng7 Kd4 66.Nh5 Nd5 67.Kg2 Kd3 68.Kf1 Kd2 69.Ng7 Kc3 70.Nh5 Kd4 71.Kg2 Kc4
72.Kf1 Kd3 73.Ng7 Kd4 74.Nh5 Ke5 75.Kg2 Nf4+ 76.Kh2 Nxh5 77.gxh5 f5  0-1

[Event "TCh-Belgrade Premier liga 2013"]
[Site "Belgrade SRB"]
[Date "2013.10.15"]
[Round "4.3"]
[White "Vucinic,G"]
[Black "Djerfi,K"]
[Result "1-0"]
[WhiteElo "2265"]
[BlackElo "2332"]

1.e4 c5 2.Nf3 e6 3.d4 cxd4 4.Nxd4 a6 5.Nc3 b5 6.Bd3 Qb6 7.Nb3 Qc7 8.Bd2 Bb7
9.a3 Nf6 10.Qe2 d6 11.f4 Nbd7 12.g4 Nc5 13.g5 Nfd7 14.O-O-O Nxb3+ 15.cxb3 d5
16.Kb1 d4 17.Na2 Be7 18.Rhg1 Nc5 19.Rg3 Nxd3 20.Rxd3 Rd8 21.Rc1 Qb8 22.Re1 Rd7
23.f5 e5 24.Qf3 Bd6 25.Nb4 Bxb4 26.Bxb4 Qa8 27.Rd2 a5 28.Bc5 Qa6 29.f6 gxf6
30.gxf6 Qe6 31.Rg2 Rc7 32.Rc1 Kd7 33.Qd3 Kc8 34.Rgc2 Ba6 35.Bxd4 Rxc2 36.Qxc2+  1-0

[Event "TCh-Belgrade Premier liga 2013"]
[Site "Belgrade SRB"]
[Date "2013.10.16"]
[Round "5.4"]
[White "Djuric,P SRB"]
[Black "Grbic,Br"]
[Result "1-0"]
[WhiteElo "2236"]
[BlackElo "2004"]

1.e4 c5 2.Nf3 e6 3.d4 cxd4 4.Nxd4 a6 5.Nc3 Qc7 6.Bd3 Nc6 7.Nb3 Nf6 8.Qe2 Be7
9.O-O O-O 10.f4 d6 11.Bd2 b5 12.a3 Bb7 13.Kh1 Rac8 14.Rae1 Nd7 15.Rf3 Nc5
16.Rh3 Nxd3 17.cxd3 Bf6 18.Qh5 h6 19.f5 Rfe8 20.Rf1 Qe7 21.Bxh6 gxh6 22.Rg3+ Kh7
23.fxe6 Qxe6 24.Nd5 Bg7 25.Rxf7 Rg8 26.Nf6+ Qxf6 27.Rxf6 Bxf6 28.Qf5+  1-0

[Event "SPICE Cup Open 2013"]
[Site "St Louis USA"]
[Date "2013.10.16"]
[Round "3.13"]
[White "Priyadharshan,K"]
[Black "Colas,Joshua"]
[Result "1-0"]
[WhiteElo "2425"]
[BlackElo "2242"]

1.e4 c5 2.Nf3 e6 3.d4 cxd4 4.Nxd4 a6 5.Nc3 b5 6.Bd3 Qb6 7.Nf3 Qc7 8.O-O Nc6
9.Re1 d6 10.Bf4 Be7 11.Qd2 Bb7 12.a4 b4 13.Na2 e5 14.Bg5 Qb6 15.c3 bxc3 16.Nxc3 Na5
17.Rab1 Nb3 18.Qd1 Nc5 19.Bc4 Nf6 20.Bxf6 Bxf6 21.b4 Nd7 22.Bd5 Rc8 23.a5 Qa7
24.Re3 Bxd5 25.Nxd5 O-O 26.Rd3 h6 27.g3 Rc4 28.Rc1 Rfc8 29.Rdc3 Rxc3 30.Rxc3 Rxc3
31.Nxc3 Qb8 32.Qa4 Qc8 33.Qb3 Bd8 34.Nd2 Nb8 35.Nc4 Nc6 36.Nd5 Nd4 37.Qd3 Qc6
38.f4 f6 39.Kg2 Kh7 40.Nce3 Qc1 41.Qd1 Qb2+ 42.Kh3 Qf2 43.Qf1 Qa2 44.Qxa6 Nf3
45.Kg4 Nxh2+ 46.Kf5 Nf3 47.Ke6 Qa4 48.Kxd6 Nd4 49.Nf5 Nb5+ 50.Kd7 exf4 51.Kxd8  1-0

[Event "3rd Central Asia Cup"]
[Site "Dushanbe TJK"]
[Date "2013.10.17"]
[Round "6.11"]
[White "Onischenko,A"]
[Black "Gevorgyan,I"]
[Result "0-1"]
[WhiteElo "2094"]
[BlackElo "2168"]

1.e4 c5 2.Nf3 e6 3.d4 cxd4 4.Nxd4 a6 5.Nc3 Qc7 6.Be2 b5 7.a3 Bb7 8.O-O Nf6
9.Bd3 Bd6 10.g3 Be5 11.Be3 h5 12.f4 Ng4 13.Qe2 Bd6 14.Nb3 Nxe3 15.Qxe3 h4
16.Rf2 Nc6 17.Rd1 Na5 18.e5 Be7 19.Ne4 hxg3 20.Qxg3 Bxe4 21.Bxe4 Bh4 22.Qd3 Bxf2+
23.Kxf2 Nc6 24.Nc5 Nxe5 25.Qd4 Rc8 26.Nxa6 Ng4+ 27.Kg3 Qd8 28.Kxg4 f5+ 29.Bxf5 exf5+
30.Kf3 Qe7 31.Nb4 Rh3+ 32.Kg2 Qe2+ 33.Kg1 Qxh2+ 34.Kf1 Rf3+ 35.Ke1 Qg3+ 36.Kd2 Qxf4+
37.Qxf4 Rxf4 38.Ke3 Re4+ 39.Kd3 Kf7 40.Nd5 Rc6 41.Rf1 g6 42.b3 Rh4 43.Rf2 Rd6
44.c4 bxc4+ 45.bxc4 Rh3+ 46.Kd4 Rxa3 47.Rh2 Kg7 48.Rb2 Rg3 49.Rb7 Rg4+ 50.Kc3 f4
51.Nb6 Rg3+ 52.Kc2 f3 53.Nxd7 f2  0-1

[Event "Indonesia Open 2013"]
[Site "Jakarta INA"]
[Date "2013.10.17"]
[Round "11.45"]
[White "Azarya,J"]
[Black "Tirto"]
[Result "0-1"]
[WhiteElo "2126"]
[BlackElo "2328"]

1.e4 c5 2.Nf3 e6 3.d4 cxd4 4.Nxd4 a6 5.Nc3 b5 6.Bd3 Qb6 7.Nb3 d6 8.Be3 Qc7
9.O-O Nf6 10.f4 Nbd7 11.Qf3 Bb7 12.a3 Be7 13.Rae1 O-O 14.Qh3 e5 15.f5 h6
16.Kh1 d5 17.exd5 Nxd5 18.Nxd5 Bxd5 19.Bxh6 Bf6 20.Qg4 e4 21.Bxe4 Bxe4 22.Rxe4 Rae8
23.Nd2 Qxc2 24.Rfe1 Re5 25.Rxe5 Nxe5 26.Qg3 Qxf5 27.Ne4 Nc4 28.Nxf6+ Qxf6
29.Bf4 Qxb2 30.Bd6 Nxd6 31.Qxd6 a5 32.h3 b4 33.axb4 axb4 34.Re7 b3 35.Rb7 Qc1+
36.Kh2 b2 37.Qb4 Rd8 38.h4 g6 39.Rb6 Qc7+ 40.g3 Qc2+ 41.Kh3 Qf5+ 42.Kg2  0-1

[Event "SPICE Cup Open 2013"]
[Site "St Louis USA"]
[Date "2013.10.17"]
[Round "5.7"]
[White "Yermolinsky,A"]
[Black "Neimer,V"]
[Result "1-0"]
[WhiteElo "2516"]
[BlackElo "2378"]

1.e4 c5 2.Nf3 e6 3.d4 cxd4 4.Nxd4 a6 5.Nc3 Qc7 6.Qf3 Nf6 7.Bg5 Qe5 8.Be3 Bb4
9.O-O-O Bxc3 10.bxc3 Qxe4 11.Qg3 O-O 12.Bd3 Qg4 13.Bg5 h5 14.f3 Qxg3 15.hxg3 Nh7
16.Rxh5 Nxg5 17.Rdh1 f5 18.Rxg5 Nc6 19.g4 Ne5 20.gxf5 Nxd3+ 21.cxd3 e5 22.f6 Rxf6
23.Rxe5  1-0

[Event "TCh-CZE Vychod 2013-14"]
[Site "Czech Rep CZE"]
[Date "2013.10.20"]
[Round "1.4"]
[White "Hladik,O"]
[Black "Vyskocil,N"]
[Result "1/2-1/2"]
[WhiteElo "2204"]
[BlackElo "2376"]

1.e4 c5 2.Nf3 e6 3.d4 cxd4 4.Nxd4 a6 5.Nc3 Qc7 6.g3 d6 7.Bg2 Bd7 8.O-O Nc6
9.b3 Nxd4 10.Qxd4 Be7 11.Bb2 Bf6 12.Qe3 Rc8 13.Nd1 b5 14.Rc1 Bxb2 15.Nxb2 Qc3
16.Qxc3 Rxc3 17.Rfd1 Ke7 18.Rd3 Rxd3 19.Nxd3 Nf6 20.c4 bxc4 21.Rxc4 Rc8 22.Rxc8 Bxc8
23.f4 Ne8 24.e5 dxe5 25.Nxe5 f6 26.Nc4  1/2-1/2

[Event "TCh-Belgrade Premier liga 2013"]
[Site "Belgrade SRB"]
[Date "2013.10.21"]
[Round "10.1"]
[White "Velickovic,Sa"]
[Black "Djuric,P SRB"]
[Result "1/2-1/2"]
[WhiteElo "2367"]
[BlackElo "2236"]

1.e4 c5 2.Nf3 e6 3.Nc3 a6 4.d4 cxd4 5.Nxd4 d6 6.Be3 Nf6 7.a4 b6 8.g3 Bb7
9.Bg2 Nbd7 10.O-O Qc7 11.Re1 g6 12.h3 Rc8 13.Bg5 h6 14.Bd2 e5 15.Nb3 Bg7
16.Qc1 Kf8 17.Be3 Kg8 18.Qd2 Nc5 19.Nxc5 dxc5 20.Rad1 Kh7 21.Qd6 Ne8 22.Qxc7 Rxc7
23.Nd5 Bxd5 24.Rxd5 Nf6 25.Rd6 Rb8 26.Red1 a5 27.f3 Rbb7 28.Bf1 Rd7 29.Bb5 Rxd6
30.Rxd6 g5 31.Kf2 Kg8 32.c3 Rb8 33.Ke2 Nh5 34.Bf2 Bf8 35.Rd7 Nf6 36.Ra7 Ne8
37.Bxe8 Rxe8 38.Rb7 Re6 39.b3 Kg7 40.Be3 Rf6 41.Rd7 Kg6 42.Rd8 Kg7 43.Rd1 Rc6
44.Rd5 Rf6 45.Rxe5 Bd6 46.Rf5 Bxg3 47.Rxf6 Kxf6 48.b4 cxb4 49.cxb4 Bd6 50.bxa5 bxa5
51.Bb6 Bb4 52.Bc7 Ke6 53.Kd3 Kd7 54.Bb6 Kc6 55.Bd4 Be7 56.Kc4 Bd8 57.Bg7 h5
58.Bc3 Bc7 59.Bd2 Bd8 60.Bc3 Bc7 61.Bf6 Bf4 62.Bd8 Bd2 63.Bf6 Bf4 64.Bc3 Bc7  1/2-1/2

[Event "17th Unive Open 2013"]
[Site "Hoogeveen NED"]
[Date "2013.10.23"]
[Round "6.13"]
[White "Rooze,J"]
[Black "Van der Poel,H"]
[Result "1-0"]
[WhiteElo "2355"]
[BlackElo "2246"]

1.e4 c5 2.Nf3 e6 3.Nc3 a6 4.d4 cxd4 5.Nxd4 Qc7 6.Bd3 Nc6 7.Be3 b5 8.Nxc6 Qxc6
9.e5 f5 10.Be2 Bb7 11.Bh5+ g6 12.Bf3 Qc7 13.Bxb7 Qxb7 14.O-O Rc8 15.Qd3 Nh6
16.Rad1 Nf7 17.f4 d6 18.exd6 Bxd6 19.Rf2 O-O 20.Rfd2 Rc4 21.a4 Bxf4 22.Bxf4 Rxf4
23.axb5 axb5 24.Qe3 e5 25.Rd7 Qb8 26.Nd5 Rh4 27.Ne7+ Kh8 28.Nc6 Qe8 29.Qb6 Rc4
30.Ne7 Ng5 31.Qxb5 Re4 32.Qb6 Re1+ 33.Rxe1 Qxd7 34.Nc6 Qd6 35.Qb4 Qxb4 36.Nxb4 e4
37.Nd5 Rc8 38.c3 Rc5 39.Rd1 Kg7 40.b4 Rc8 41.Ra1 Kf7 42.h4 Ke6 43.Nb6 Rxc3
44.hxg5 Rb3 45.Ra5 Rxb4 46.Nd5 Rb7 47.Nf4+ Kf7 48.Ra6 Kg7 49.Ne6+ Kg8 50.Ra8+  1-0

[Event "17th OIBM 2013"]
[Site "Bad Wiessee GER"]
[Date "2013.10.27"]
[Round "3.37"]
[White "Xiong,F"]
[Black "Eichhorn,An"]
[Result "1-0"]
[WhiteElo "2102"]
[BlackElo "2331"]

1.e4 c5 2.Nf3 e6 3.d4 cxd4 4.Nxd4 a6 5.Nc3 Qc7 6.Bd3 Nf6 7.O-O b5 8.Kh1 Bb7
9.a3 Nc6 10.Nb3 Ne5 11.f4 Nxd3 12.cxd3 Be7 13.Be3 O-O 14.Rc1 Qd8 15.Nc5 Bc6
16.e5 Nd5 17.Nxd5 Bxd5 18.f5 f6 19.d4 Bc4 20.exf6 Rxf6 21.Rf2 Rxf5 22.Rxf5 exf5
23.Qf3 Bxc5 24.dxc5 Bd3 25.Qd5+  1-0

[Event "17th OIBM 2013"]
[Site "Bad Wiessee GER"]
[Date "2013.10.27"]
[Round "3.26"]
[White "Valenti,G"]
[Black "Kurmann,O"]
[Result "0-1"]
[WhiteElo "2177"]
[BlackElo "2411"]

1.e4 c5 2.Nf3 e6 3.d4 cxd4 4.Nxd4 a6 5.Nc3 b5 6.Bd3 Qb6 7.Nf3 Qc7 8.O-O Bb7
9.Re1 Be7 10.e5 f5 11.a4 b4 12.Nb1 Nc6 13.Nbd2 Nh6 14.Nc4 Nf7 15.b3 O-O 16.h4 Bc5
17.Bf1 Ne7 18.Bb2 Nd5 19.Qd2 h6 20.Rac1 Kh7 21.h5 Be7 22.Rcd1 Rg8 23.Qd4 g6
24.hxg6+ Rxg6 25.Bc1 Rag8 26.Qd3 Bc6 27.Bd2 Bc5 28.Nd6 Nxd6 29.exd6 Qxd6
30.Be3 Nxe3 31.Rxe3 Qf4  0-1

[Event "8th Herbstopen"]
[Site "Deizisau GER"]
[Date "2013.10.28"]
[Round "5.8"]
[White "Aschenberg,A"]
[Black "Wiley,To"]
[Result "0-1"]
[WhiteElo "2074"]
[BlackElo "2264"]

1.e4 c5 2.Nf3 e6 3.d4 cxd4 4.Nxd4 a6 5.Nc3 b5 6.e5 Bb7 7.Qd3 Qc7 8.f4 Nc6
9.Be3 Nxd4 10.Bxd4 Nh6 11.O-O-O Nf5 12.Bb6 Qc8 13.Ne4 Bd5 14.a4 Qb7 15.Nc3 Bc6
16.a5 b4 17.Ne2 Be4 18.Qd2 Rc8 19.c3 Qc6 20.b3 bxc3 21.Qa2 Bc5 22.Nd4 Nxd4
23.Rxd4 Bxd4 24.Bxd4 O-O 25.Bc4 Bxg2 26.Rg1 Be4 27.Qf2 Bg6 28.Bxc3 Qe4 29.Kb2 Rxc4
30.bxc4 Rb8+ 31.Ka1 Rb1+ 32.Ka2 Qxc4+  0-1

[Event "14th Liberec Open"]
[Site "Liberec CZE"]
[Date "2013.10.29"]
[Round "5.2"]
[White "Nguyen,Thai Dai Van"]
[Black "Naslund,M"]
[Result "1-0"]
[WhiteElo "2164"]
[BlackElo "2137"]

1.e4 c5 2.Nf3 e6 3.d4 cxd4 4.Nxd4 a6 5.Nc3 Qc7 6.Bd3 Nf6 7.O-O Bc5 8.Nb3 Be7
9.f4 d6 10.e5 dxe5 11.fxe5 Nfd7 12.Qg4 g6 13.Bf4 Nc6 14.Rae1 Ndxe5 15.Qe2 Qb6+
16.Be3 Qc7 17.Be4 O-O 18.Bh6 Re8 19.Bxc6 Nxc6 20.Qf2 f5 21.Rd1 Bf8 22.Bxf8 Rxf8
23.Ne4 Bd7 24.Ng5 Rae8 25.Rfe1 Bc8 26.Nc5 Ne5 27.b4 h6 28.Nf3 Nxf3+ 29.Qxf3 b6
30.Nd3 Bb7 31.Qe3 Kh7 32.Ne5 Qxc2 33.Rd7+ Kg8 34.Rxb7 g5 35.Qxb6 Qc3 36.Qe3 Qc8
37.Qa7  1-0

[Event "3rd Panama Open"]
[Site "Panama City PAN"]
[Date "2013.10.31"]
[Round "2.20"]
[White "Arias,Le"]
[Black "Tortolero,Cesar"]
[Result "1-0"]
[WhiteElo "2329"]
[BlackElo "1920"]

1.e4 c5 2.Nf3 e6 3.d4 cxd4 4.Nxd4 a6 5.Nc3 Qc7 6.g3 Nf6 7.Bg2 Nc6 8.O-O Nxd4
9.Qxd4 Bc5 10.Bf4 d6 11.Qd2 O-O 12.Na4 e5 13.Bg5 Ne8 14.Nxc5 dxc5 15.Bd8 Qc6
16.Be7 Be6 17.Rfd1 Rc8 18.b3 c4 19.Qb4 Nf6 20.Bxf8 Rxf8 21.Qd6 Qb5 22.a4 Qe8
23.Qxe5 cxb3 24.cxb3 Bxb3 25.Qxe8 Rxe8 26.Rdb1 Be6 27.Rxb7 Nd7 28.Rc1 g5
29.Ra7  1-0

[Event "3rd Panama Open"]
[Site "Panama City PAN"]
[Date "2013.10.31"]
[Round "2.22"]
[White "Hernandez,Z"]
[Black "Guerrero,An"]
[Result "0-1"]
[WhiteElo "1958"]
[BlackElo "2245"]

1.e4 c5 2.Nf3 e6 3.Nc3 a6 4.d4 cxd4 5.Nxd4 Qc7 6.g3 Nc6 7.Bg2 Nf6 8.O-O h5
9.Nb3 h4 10.Bf4 d6 11.a4 b6 12.Nd2 Ne5 13.Qe2 Bb7 14.Rfd1 Rc8 15.Nf3 hxg3
16.hxg3 Nc4 17.e5 dxe5 18.Nxe5 Bxg2 19.Kxg2 Qb7+ 20.Qf3 Qxf3+ 21.Nxf3 Nxb2
22.Rdb1 Nc4 23.Rh1 Rg8 24.Rab1 Be7 25.Rhe1 Bd8 26.Ne5 Nxe5 27.Bxe5 Nd7 28.Bd4 Rc4
29.Re4 e5 30.Rbe1 f5  0-1

[Event "17th OIBM 2013"]
[Site "Bad Wiessee GER"]
[Date "2013.11.01"]
[Round "8.9"]
[White "Danin,A"]
[Black "Hunt,A"]
[Result "1/2-1/2"]
[WhiteElo "2589"]
[BlackElo "2429"]

1.e4 c5 2.Nf3 e6 3.Nc3 a6 4.d4 cxd4 5.Nxd4 Qc7 6.Be2 Nf6 7.O-O d6 8.f4 Be7
9.Be3 O-O 10.Bf3 Nc6 11.Nxc6 bxc6 12.Na4 Bb7 13.c4 c5 14.Qc2 Nd7 15.Rad1 Rad8
16.Kh1 Bf6 17.b3 Rfe8 18.Qf2 Bc6 19.Nb2 a5 20.Rd2 Be7 21.Nd3 Qb7 22.e5 Bxf3
23.exd6 Bxd6 24.Qxf3 Qxf3 25.gxf3 Be7 26.Rfd1 Ra8 27.Ne5 Nxe5 28.fxe5 a4
29.Rd7 axb3 30.axb3 Bf8 31.Rb7 Reb8 32.Rdd7 Rxb7 33.Rxb7 Rc8 34.Kg2 h6 35.Kg3 g6
36.Kf4 Kg7 37.Ke4 g5 38.f4 gxf4 39.Kxf4 Kg6 40.Ke4 h5 41.Bf2 Rd8 42.Rb5 Rd2
43.Bxc5 Bxc5 44.Rxc5 Rxh2 45.b4 Rb2 46.b5 h4 47.Rc8 Kg7 48.Ra8 h3 49.Ra3 h2
50.Rh3 f5+ 51.exf6+ Kxf6 52.Kd4 e5+ 53.Kc3 Rg2 54.Rh8 Rg3+ 55.Kc2 Rg2+ 56.Kd3 Ke6
57.Rh6+ Kd7 58.Ke4 Rc2 59.Kd5 e4 60.Kxe4 Rxc4+  1/2-1/2

[Event "e2e4 Gatwick Nov Open"]
[Site "Crawley ENG"]
[Date "2013.11.01"]
[Round "1"]
[White "Jones,Steven A"]
[Black "Miezis,N"]
[Result "1/2-1/2"]
[WhiteElo "2054"]
[BlackElo "2565"]

1.e4 c5 2.Nf3 e6 3.d4 cxd4 4.Nxd4 a6 5.Nc3 Qc7 6.Bd3 Nc6 7.Nxc6 dxc6 8.O-O Nf6
9.f4 e5 10.Kh1 Bc5 11.Qe1 h5 12.Qg3 Ng4 13.f5 Kf8 14.Be2 Nf6 15.Bg5 b5 16.Bxf6 gxf6
17.Qh4 Ke7 18.g4 Bb7 19.g5 Qd6 20.Rad1 Bd4 21.Bxh5 Rag8 22.gxf6+ Qxf6 23.Qxf6+ Kxf6
24.Bf3 Rh4 25.Ne2 Bc5 26.Bg2 Ke7 27.Rd3 Rxg2 28.Kxg2 Rxe4 29.Ng3 Rc4 30.c3 e4
31.Re1 e3 32.Nf1 Kf6 33.Nxe3 Ra4 34.a3 Bxe3 35.Rdxe3 c5+ 36.Kg3 Kg5 37.b4 Rxa3
38.bxc5 Ra4 39.Re7 Bd5 40.Rd1 Rg4+ 41.Kf2 Rf4+ 42.Ke3 Rxf5 43.Ra1 Kf6 44.Rc7 Ke5
45.Rxa6 Rf3+ 46.Ke2 Rxc3 47.Rb6 Kd4 48.Kd2 Rd3+ 49.Ke2 Rh3 50.Rd6 Rxh2+ 51.Kf1 Rc2
52.Rxf7 Rxc5 53.Ke1 b4 54.Rf4+ Kc3 55.Rf5 Kc4 56.Rfxd5 Rxd5 57.Rxd5 Kxd5
58.Kd2 Kc4 59.Kc2 b3+ 60.Kb2 Kb4 61.Kb1 Ka4 62.Kb2 Kb4 63.Kb1 Ka3 64.Ka1 Kb4
65.Kb2 Kc4 66.Kb1 Kc3 67.Kc1 b2+ 68.Kb1 Kb3  1/2-1/2

[Event "Chinese Zonal w 2013"]
[Site "Zhongshan CHN"]
[Date "2013.11.01"]
[Round "4.8"]
[White "Zhang Xiaowen"]
[Black "Liu,Hongyan"]
[Result "1-0"]
[WhiteElo "2377"]
[BlackElo "2058"]

1.e4 c5 2.Nf3 e6 3.d4 cxd4 4.Nxd4 a6 5.Nc3 Nc6 6.Nxc6 bxc6 7.Bd3 Qc7 8.O-O Nf6
9.Qe2 d5 10.Bg5 Bb7 11.Rfe1 Bb4 12.Bd2 d4 13.Nb5 axb5 14.Bxb4 Nd7 15.Qg4 g6
16.Bd2 h5 17.Qh4 Qd8 18.Qg3 h4 19.Qd6 e5 20.f4 Qe7 21.Qc7 Ra7 22.Rf1 exf4
23.Bxf4 f6 24.e5 O-O 25.exf6 Qf7 26.Rae1 Rc8 27.Qd6 Re8 28.Re7 Rxe7 29.fxe7  1-0

[Event "FSFMA November 2013"]
[Site "Budapest HUN"]
[Date "2013.11.02"]
[Round "1.1"]
[White "Letay,G"]
[Black "Farkas,R"]
[Result "0-1"]
[WhiteElo "1925"]
[BlackElo "2183"]

1.e4 e6 2.Nf3 c5 3.d4 cxd4 4.Nxd4 a6 5.Nc3 Qc7 6.Bd3 Nf6 7.O-O b5 8.a3 Bc5
9.Nb3 Be7 10.f4 d6 11.Be3 Nbd7 12.Qe1 Bb7 13.Qg3 g6 14.Rae1 d5 15.exd5 Nxd5
16.Bd4 Bf6 17.Bxf6 N7xf6 18.Nxd5 Bxd5 19.Nd4 O-O-O 20.c3 Bb7 21.h3 h5 22.Qe3 Nd5
23.Qe5 Ne7 24.Qxc7+ Kxc7 25.Be4 Bxe4 26.Rxe4 Nf5 27.Nxf5 gxf5 28.Rb4 Rd2
29.Rf2 Rd1+ 30.Rf1 Rd5 31.c4 Rc5 32.cxb5 axb5 33.a4 bxa4 34.Rxa4 Kb6 35.Rf2 Rd8
36.Ra1 h4 37.Kh2 Rd3 38.Rg1 Rg3 39.Rd1 Rd5 40.Rfd2 Kc5 41.Rc2+ Kd6 42.Rdc1 Rd4
43.Rf2 f6 44.Rc8 Kd7 45.Rh8 e5 46.fxe5 fxe5 47.Rxh4 f4 48.Rg4 Rxg4 49.hxg4 Rd3
50.Rf3 Rd2 51.b3 Ke6 52.Kh3 Kd5 53.g5 Ke4 54.Rc3 Kf5 55.g3 Kxg5 56.gxf4+ Kxf4
57.Rg3 e4 58.Rg4+ Kf3 59.Rg3+ Kf2 60.Rg2+ Ke3 61.Rg3+ Ke2 62.b4 Rd3 63.b5 Kf2  0-1

[Event "TCh-NED Meesterklasse 2013-14"]
[Site "Netherland NED"]
[Date "2013.11.02"]
[Round "2.3"]
[White "Dijkhuis,Tycho"]
[Black "Lemmers,O"]
[Result "0-1"]
[WhiteElo "2211"]
[BlackElo "2383"]

1.e4 c5 2.Nf3 e6 3.d4 cxd4 4.Nxd4 a6 5.Nc3 Qc7 6.Be2 Nf6 7.O-O Bb4 8.Qd3 d6
9.f4 Nbd7 10.Bf3 O-O 11.Bd2 Nc5 12.Qc4 Bxc3 13.Bxc3 b5 14.Qe2 Bb7 15.e5 Bxf3
16.Nxf3 Nd5 17.Bd2 Nd7 18.Rac1 dxe5 19.fxe5 Qc4 20.Qxc4 bxc4 21.Rfe1 c3 22.Bxc3 Nxc3
23.bxc3 Rfc8 24.Red1 Nb6 25.Rb1 Nd5 26.Rb7 Rxc3 27.Nd4 Ne3 28.Rd3 Rxd3 29.cxd3 g5
30.Nc6 Nd5 31.a4 Kg7 32.Nb4 Nxb4 33.Rxb4 Rd8 34.d4 a5 35.Rc4 Rb8 36.Kf2 Rb2+
37.Kf3 Ra2 38.h3 h5 39.g3 Ra3+ 40.Kg2 Ra2+ 41.Kf3 Kg6 42.Ke3 Ra3+ 43.Kf2 Kf5
44.Rc7 Ke4 45.Rxf7 Rxa4 46.Re7 Rxd4 47.Rxe6 Rd2+ 48.Kg1 Rd5 49.Rh6 Rxe5 50.Rxh5 Kf3
51.g4 a4 52.Rh8 Re1+ 53.Kh2 Re2+ 54.Kg1 a3 55.h4 a2 56.Rf8+ Kxg4  0-1

[Event "TCh-NED Meesterklasse 2013-14"]
[Site "Netherland NED"]
[Date "2013.11.02"]
[Round "2.4"]
[White "Konijn,B"]
[Black "Siebrecht,S"]
[Result "0-1"]
[WhiteElo "2264"]
[BlackElo "2495"]

1.e4 c5 2.Nf3 e6 3.d4 cxd4 4.Nxd4 a6 5.Nc3 Qc7 6.Be2 Nf6 7.O-O d6 8.f4 Be7
9.Be3 Nbd7 10.a4 b6 11.Bd3 Bb7 12.Qf3 g6 13.Kh1 h5 14.Qh3 Nc5 15.Rae1 e5
16.fxe5 dxe5 17.Nf3 Ng4 18.Nd5 Bxd5 19.exd5 Nxd3 20.cxd3 O-O 21.Bd2 f5 22.Bc3 Bf6
23.Bb4 Rfd8 24.Nh4 Qf7 25.d6 Rac8 26.Nxf5 gxf5 27.Rxf5 Qg6 28.Qf3 Bh4 29.Rf1 Nf2+
30.Kg1 Rd7 31.Qd5+ Kh7 32.Qxe5 Nh3+ 33.Kh1 Ng5 34.g3 Nf7 35.Rxh5+ Kg8 36.Qd5 Bf6
37.Rhf5 Bg7 38.Bd2 Qxd6 39.Qa2 Qc6+ 40.R1f3 Rcc7 41.Kg2 Rxd3 42.Bc3 Rxf3
43.Rxf3 Re7 44.Kf2 Qe4  0-1